| 000 | 00552nam a2200181 a 4500 | ||
|---|---|---|---|
| 005 | 20210219150018.0 | ||
| 008 | 991125s1942 mx 000 0 spa u | ||
| 035 | _aUPN01000005769 | ||
| 049 | _aCG | ||
| 050 | 4 |
_aBL72 _bP4.2 |
|
| 100 | 1 | _aPérez de Espinoza, Isidro | |
| 245 | 1 | 0 |
_aBiografía del M. R. P. Dr. D. Juan Pérez de Espinosa / _cIsidro Pérez Espinoza. |
| 260 |
_aMéxico : _b[s. n.], _c1942. |
||
| 300 | _a185 p. | ||
| 500 | _aDisponible en la Colección Medina | ||
| 600 | 1 | 4 |
_aPEREZ DE ESPINOSA, JUAN ANTONIO, _d1676-1747 |
| 905 | _aLibro | ||
| 999 |
_c5769 _d5769 |
||